|
|
|
|
| LEADER |
00000naa2a2200000 4500 |
| 001 |
113188 |
| 005 |
20231031121735.0 |
| 035 |
|
|
|a (RuTPU)RU\TPU\book\122424
|
| 090 |
|
|
|a 113188
|
| 100 |
|
|
|a 20070406d2006 k y0rusy50 ca
|
| 101 |
0 |
|
|a rus
|
| 102 |
|
|
|a RU
|
| 200 |
1 |
|
|a Система охлаждения оптического излучателя
|f И. А. Москалюк, Ю. А. Бритова, А. А. Эдличко
|
| 320 |
|
|
|a Библиогр.: 3 назв.
|
| 461 |
|
1 |
|0 (RuTPU)RU\TPU\book\111998
|t Современные техника и технологии
|o 12-я международная научно-практическая конференция студентов, аспирантов и молодых ученых, г. Томск, 27 марта - 31 марта 2006 г.
|o труды в 2 т.
|f Томский политехнический университет
|d 2006
|
| 463 |
|
0 |
|0 (RuTPU)RU\TPU\book\111471
|t Т. 1
|v С. 100-102
|d 2006
|p 524 с.
|
| 610 |
1 |
|
|a оптические излучатели
|
| 610 |
1 |
|
|a системы охлаждения
|
| 610 |
1 |
|
|a светотехнические системы
|
| 610 |
1 |
|
|a сигнализация
|
| 610 |
1 |
|
|a труды учёных ТПУ
|
| 700 |
|
1 |
|a Москалюк
|b И. А.
|
| 701 |
|
1 |
|a Бритова
|b Ю. А.
|c специалист в области приборостроения
|c ассистент Томского политехнического университета, кандидат технических наук
|f 1985-
|g Юлия Александровна
|2 stltpush
|3 (RuTPU)RU\TPU\pers\30175
|
| 701 |
|
1 |
|a Эдличко
|b А. А.
|c специалист в области электрофизики
|c аспирант Томского политехнического университета
|f 1985-
|g Андрей Александрович
|2 stltpush
|3 (RuTPU)RU\TPU\pers\25478
|
| 801 |
|
1 |
|a RU
|b 63413507
|c 20070406
|g PSBO
|
| 801 |
|
2 |
|a RU
|b 63413507
|c 20160621
|g RCR
|
| 942 |
|
|
|c BK
|